000 00306nam a22001337a 4500
008 170714b xxu||||| |||| 00| 0 eng d
020 _a9780004701097
041 _aeng
080 _a030
100 _a24
101 _aFJA
245 _aBIOGRAPHICAL DICTIONARY SCINTISTS
_cWILLIAMS.T
942 _2udc
_cBK
999 _c20963
_d20963